| 000 | 00710nam a2200205 a 4500 | ||
|---|---|---|---|
| 001 | 000042826 | ||
| 005 | 20201002040427.0 | ||
| 008 | 140210s2006 sp ac 001 0 spa d | ||
| 020 | _a8487641253 | ||
| 040 |
_aDO-SdBNP _bspa _cBNPHU |
||
| 100 | 1 |
_aOlmos, Víctor _970190 |
|
| 245 | 1 | 3 |
_aLa Casa de los Periodistas : _bAsociación de la Prensa de Madrid 1895-1950 / _cVíctor Olmos. |
| 260 |
_aMadrid : _bAsociación de la Prensa de Madrid, _c2006. |
||
| 300 |
_a706 p.,[60] p. de lám ; : _bil., retr. ; _c25 cm. |
||
| 490 | 1 | _aAPM | |
| 500 | _aIncluye índice | ||
| 504 | _aIncluye referencias bibliográficas y notas al pie de las páginas | ||
| 504 | _aBibliografía : p. 681 -685 | ||
| 830 | 0 |
_aAPM _970191 |
|
| 999 |
_c42315 _d42315 |
||